00416nam a2200157Ia 4500008004100000020002200041041000800063082001600071100001100087245006900098260004100167300002100208440000600229650001200235700001100247230125s9999 xx 000 0 und d a978-81-8495-402-9 aeng a646.72bRUI aRuia M aWho Stole My Cal Ries? : A Health & Fitness Novel Like No Other! c2017bJaico Publishing HouseaMumbai a217pcPaper Back v1 aGeneral aRuia M